• 首页
  • 本馆介绍
  • 公告通知
  • 最新文献
  • 馆藏检索
  • 电子资源
  • 读者导购
  • 参考咨询
  • 我的图书馆
  • 登录
  • 详细信息显示
  • 放入我的书架
  • 预约/预借图书
  • 作者相关作品
  • 分类相关作品
  • 丛书相关作品
  • 出版社相关作品

书目信息

  • 表格格式
  • 工作单格式
  • 卡片格式
题名:
真正的中国佬
    
 
作者: 何天爵 , 何天爵 著 ;鞠方安 译
分册:  
出版信息: 北京   光明日报出版社  1998.09
页数: 254页
开本: 20cm
丛书名: “西方人眼中的中国”名著译丛
单 册:
中图分类: C95
科图分类:
主题词: 社会科学
电子资源:
ISBN: 7-80145-036-1
000 00721nam0 2200241 45
001 9909211651
005 20040430102001.8
010    @a7-80145-036-1@dCNY15.80
100    @a19990921d1998 km y0chiy0120 ea
101    @achi@ceng
105    @a z 000yy
200 1  @a真正的中国佬@AZhen Zheng De Zhong Guo Lao@f(美)何天爵著@F(Mei)He Tian Jue Zhu@g鞠方安译
210    @a北京@c光明日报出版社@d1998.09
215    @a254页@c插图@d20cm
225    @a“西方人眼中的中国”名著译丛
410    @12001 @a“西方人眼中的中国”名著译丛
606 0  @a社会科学
690    @aC95@v1
701    @a何天爵@4著
701  0 @a何天爵@4著
702  0 @a鞠方安@AJu Fang An@4译
801    @aCN@bPFTUser@c19990921
905    @f1@b284205@dC95@e18
    
    真正的中国佬/(美)何天爵著/鞠方安译.-北京:光明日报出版社,1998.09
    254页:插图;20cm.-(“西方人眼中的中国”名著译丛)
    
    
    ISBN 7-80145-036-1:CNY15.80
    
●
相关链接 在E读中查询图书 在五车中查询图书 在当当中查询图书 在豆瓣中查询图书


正题名:真正的中国佬     索取号:C95/18         预约/预借

序号 登录号 条形码 馆藏地/架位号 状态 备注
1 0284204   002842044   第一借阅区/ [索取号:C95/18] 在馆    
2 0284205   002842053   第一借阅区/ [索取号:C95/18] 在馆    
3 0284206   002842062   第一样本阅览室/ [索取号:C95/18] 在馆    
唐山师范学院图书馆 欢迎您!
大连网信软件有限公司© 版权所有